000 01259cam a22003617a 4500
003 CHAP
005 20220329142153.0
008 000126d1999 mx r 00110 spa d
010 _a79522
011 _a80494
035 _a90945
040 _cCHAP
090 _aTesis
100 0 0 _aMéndez Córdova, Noelia.
_976484
245 1 0 _aCompetitividad del mango mexicano en el mercado estadounidense 1988-1997
_c/por Noelia Méndez Córdova
260 _aChapingo, Méx. :
_bEl autor,
_c1999.
300 _a72 h.
502 _aTesis (Ing. Agr. Esp. en Economía Agrícola) -- UACH. Departamento de Economía Agrícola
590 _aALEPH
_b10
_c20130110
_lUCH01
_h1431
590 _aBATCH-UPD
_b10
_c20130110
_lUCH01
_h0345
590 _aBATCH-UPD
_b10
_c20130410
_lUCH01
_h0018
590 _aBATCH-UPD
_b10
_c20130914
_lUCH01
_h1743
590 _aCONVERSION
_b10
_c20130109
_lUCH01
_h1344
650 1 4 _aMango
_xExportación.
_970415
650 1 4 _aMango
_xMercadeo.
_970434
650 1 4 _aMango
_xMéxico.
_970437
901 _aBK
905 _aLilia Sánchez G.
942 _cFOLL
949 _bBC
_cTES
_d33724000748059
_eTS2
_fc.2
_h34929
_i90945
_si
949 _bBC
_cTES
_d33724000763033
_eTS2
_fc.3
_h35939
_i90945
_sb
949 _bBC
_cTES
_d909451
_eTS1
_h34928
_i90945
_sb
999 _c79522
_d79522